[Event "EU-ch 18th"]
[Site "Minsk"]
[Date "2017.06.09"]
[Round "10"]
[White "Bacrot, Etienne"]
[Black "Prohaszka, Peter"]
[Result "1-0"]
[WhiteElo "2696"]
[BlackElo "2596"]
[Annotator "Prasanna,V"]
[PlyCount "125"]
[EventDate "2017.05.30"]
[EventType "swiss"]
[EventRounds "11"]
[EventCountry "BLR"]
[SourceTitle "CBM 179"]
[Source "ChessBase"]
[SourceDate "2017.07.12"]
[SourceVersion "1"]
[SourceVersionDate "2017.07.12"]
[SourceQuality "1"]

1. e4 c6 2. Nf3 d5 3. Nc3 {The line has recently enjoyed a lot of popularity.
White hopes for a small and stable edge.} Bg4 (3... Nf6 {is more popular
nowadays and has also been recommended by Indian GM Vidit Gujarati in his
ChessBase DVD.}) 4. h3 Bxf3 5. Qxf3 e6 6. Be2 Nd7 7. d4 dxe4 8. Nxe4 Ngf6 9.
Nxf6+ Nxf6 10. c3 Bd6 {A very typical position for the Caro-Kann and this
variation specifically. White enjoys the 2 bishops and a slight space
advantage but Black enjoys solidity because of the lack of weaknesses in the
position.} (10... Qd5) 11. h4 $1 {A very useful move in the structure creating
a post for the bishop on c1.} Qa5 12. Bg5 Qd5 13. O-O h6 $5 {This move does
not seem so bad at the moment but it causes some trouble for Black in the game.
} 14. Be3 O-O 15. Rfd1 Rad8 16. g3 $5 Rd7 17. c4 {White has played very
natural moves and it's hard to criticise Black's moves so far. White though
enjoys a small edge now.} Qxf3 18. Bxf3 Rfd8 19. g4 Bc7 $2 {The start of
Black's troubles. Although it's hard to say if he could achieve full equality
in any case.} (19... Be7 $1 20. Rac1 Nh7 21. d5 exd5 22. cxd5 cxd5 23. Bxa7 $14
) 20. Rab1 $5 {Bacrot seems to have seen far into the position; he plays a
deep move announcing his plan in advance.} Bb6 (20... Ne8 $14 {was necessary.})
21. g5 hxg5 22. hxg5 Nh7 23. c5 Bc7 24. b4 a6 25. a4 Rc8 26. Bg2 Nf8 27. b5 {
The rook has served its purpose well in this position.} axb5 28. axb5 {White
is much better.} Ng6 29. bxc6 bxc6 30. Bxc6 Bh2+ 31. Kxh2 Rxc6 32. Rb8+ Kh7 33.
Rdb1 Ne7 34. Kg2 Kg6 35. Kf3 Kf5 36. Rh1 (36. R1b5) 36... Ng6 37. Rh7 e5 38. d5
Rxd5 39. Rxg7 Rd7 40. Rb6 e4+ 41. Kg3 Rxb6 42. cxb6 {There were probably some
minor improvements for White along the way but he definitely still keeps his
advantage.} Ne5 43. Rg8 Rd1 44. Rc8 Rg1+ 45. Kh3 Rh1+ 46. Kg2 Rb1 47. Rc1 Rb4
48. Rc7 Ke6 49. Kg3 (49. b7 $18) 49... Nc4 50. Rc6+ Kd5 51. Rf6 Nd6 52. Kg4 Rb1
53. Bf4 Nc4 54. Rxf7 Rxb6 55. Kf5 Rb2 56. Rd7+ Kc6 57. Rc7+ Kd5 58. g6 Nd6+ 59.
Kg5 Rxf2 60. Rd7 Ke6 61. Rxd6+ Ke7 62. Rd4 Kf8 63. Rxe4 {A model game for the
opening.} 1-0

[Event "POL-chT 66th"]
[Site "Katowice"]
[Date "2010.09.04"]
[Round "1"]
[White "Kryvoruchko, Yuriy"]
[Black "Hera, Imre Jr"]
[Result "1/2-1/2"]
[WhiteElo "2635"]
[BlackElo "2586"]
[Annotator "RR"]
[PlyCount "61"]
[EventDate "2010.09.04"]
[EventType "team-tourn"]
[EventRounds "9"]
[EventCountry "POL"]
[SourceTitle "EXT 2016"]
[Source "ChessBase"]
[SourceDate "2015.10.08"]
[SourceVersion "1"]
[SourceVersionDate "2015.10.08"]
[SourceQuality "1"]
[WhiteTeam "Gorzow Wielkopolski"]
[BlackTeam "Szkola Grudziadz"]
[WhiteTeamCountry "POL"]
[BlackTeamCountry "POL"]

1. e4 c6 2. Nf3 d5 3. Nc3 Bg4 4. d4 e6 5. Bd3 Nf6 6. O-O Be7 7. h3 Bh5 8. e5 (
8. Re1 Bxf3 9. Qxf3 dxe4 10. Nxe4 Qxd4 11. Be3 Qd5 12. Rad1 Nbd7 13. c4 Qa5 14.
Bd2 Qc7 15. Bf4 e5 16. Nxf6+ gxf6 17. Bf5 Nb6 18. Bh6 Nxc4 19. Qg4 Nd6 20. Qg7
Rf8 21. Bg4 Rd8 22. Qxh7 Nc4 23. Rxd8+ Qxd8 24. Rd1 Nd6 25. Bxf8 Bxf8 26. Bh5
Qc7 27. Qg8 a5 28. h4 a4 29. Be2 Ke7 30. h5 Bh6 31. Qh7 Bg5 32. Qd3 e4 33. Qh3
Bh6 34. Qg3 b5 35. Qg8 Ne8 36. Qh7 Qf4 37. g3 Qg5 {Bartel,M (2659)-Kovalenko,I
(2611) Poznan 2014 1-0}) 8... Nfd7 9. g4 (9. Ne2 {[%cal Ge2f4]} Bxf3 10. gxf3
c5 11. c3 $11 {Senador,E (2329)-Rakhmanov,A (2612) Manila PSC Cup 2013 (4) 0-1}
) 9... Bg6 10. Ne2 c5 11. c4 Be4 $1 12. Nf4 (12. Ng3 Bxf3 13. Qxf3 cxd4 14.
cxd5) 12... Bxd3 13. Qxd3 dxc4 14. Qe4 cxd4 15. Qxb7 Nb6 16. Rd1 d3 $132 {
[%csl Gd3]} 17. b3 Qd7 18. Qe4 Qc6 19. Qxc6+ Nxc6 20. bxc4 Nxc4 21. Nxd3 Rd8
22. Bf4 Ba3 23. Rab1 O-O $11 24. Rb3 Nd4 25. Nxd4 Rxd4 26. Kf1 Rfd8 27. Ke2
Re4+ 28. Kf3 Red4 29. Ke2 Re4+ 30. Kf3 Red4 31. Ke2 1/2-1/2

[Event "EU-chT (Men) 18th"]
[Site "Porto Carras"]
[Date "2011.11.04"]
[Round "2.2"]
[White "Mastrovasilis, Dimitrios"]
[Black "Short, Nigel D"]
[Result "1-0"]
[WhiteElo "2621"]
[BlackElo "2698"]
[Annotator "RR"]
[PlyCount "51"]
[EventDate "2011.11.03"]
[EventType "team-swiss"]
[EventRounds "9"]
[EventCountry "GRE"]
[SourceTitle "CBM 146"]
[Source "ChessBase"]
[SourceDate "2012.01.18"]
[SourceVersion "1"]
[SourceVersionDate "2012.01.18"]
[SourceQuality "1"]
[WhiteTeam "Greece"]
[BlackTeam "England"]
[WhiteTeamCountry "GRE"]
[BlackTeamCountry "ENG"]

1. e4 c6 2. Nc3 d5 3. Nf3 Bg4 4. h3 Bxf3 5. Qxf3 e6 6. d3 Nd7 7. Bd2 Bc5 8.
O-O-O Ne7 9. h4 b5 10. h5 b4 11. Ne2 O-O $6 (11... Qb6 12. d4 dxe4 $14) 12. Qg3
$18 dxe4 $2 (12... Nf6 13. Bh6 Ne8 $16) 13. dxe4 $18 Kh8 14. h6 g6 15. Bf4 $2 (
15. Bg5 f6 16. Nf4 $18) 15... Qe8 16. Bd6 f6 17. Nd4 Qf7 18. Bc4 Bxd4 19. Rxd4
c5 20. Rd2 Nb6 21. Qb3 Nxc4 22. Qxc4 Rfc8 23. Bxc5 Ng8 24. Rhd1 Qc7 {[%tqu
"En","","","","c5f8","",10]} 25. Bf8 $1 Qxc4 $2 (25... Nxh6 26. Qxc7 Rxc7) 26.
Bg7# 1-0

[Event "Saratov Governor's Cup"]
[Site "Saratov"]
[Date "2011.10.11"]
[Round "4"]
[White "Andreikin, Dmitry"]
[Black "Roiz, Michael"]
[Result "1/2-1/2"]
[WhiteElo "2705"]
[BlackElo "2668"]
[Annotator "Roiz,M"]
[PlyCount "231"]
[EventDate "2011.10.08"]
[EventType "tourn"]
[EventRounds "11"]
[EventCountry "RUS"]
[EventCategory "19"]
[SourceTitle "CBM 145"]
[Source "ChessBase"]
[SourceDate "2011.11.11"]
[SourceVersion "1"]
[SourceVersionDate "2011.11.11"]
[SourceQuality "1"]

1. e4 c6 2. Nc3 d5 3. Nf3 Bg4 4. h3 Bxf3 5. Qxf3 e6 6. Be2 $5 {Dmitry chooses
a quiet line,where Black's chances of seizing the initiative are minimal.} Nd7
({In the following game Dmitry himself failed to solve all his problems and
lost:} 6... g6 7. d4 Bg7 8. Be3 Nf6 9. O-O O-O 10. a4 Nbd7 11. Rfd1 Qa5 12. Bf1
Kh8 13. Bc1 e5 14. dxe5 Nxe5 15. Qe2 dxe4 16. Nxe4 Nxe4 17. Qxe4 $14 {1-0
Azarov,S (2648)-Andreikin,D (2705)/Rogaska Slatina SLO 2011 (72)}) 7. d4 dxe4
8. Nxe4 Ngf6 9. O-O Nxe4 10. Qxe4 Nf6 11. Qd3 {The evaluation of this line is
clear: White has a very small advantage due to the pair of bishops, but Black
should easily hold it by direct play.} Bd6 {I like this spot for my bishop, as
sometimes Black may push ...e6-e5.} (11... Be7 12. Bf3 O-O 13. Rd1 Qc7 14. c4
Rfd8 15. Qe2 Rd7 16. Be3 Rad8 17. a3 a5 18. Rac1 $14 {1/2 Azarov,S (2648)
-Yevseev,D (2529)/St Petersburg RUS 2011 (43)}) 12. Bf3 O-O 13. Qb3 $146 (13.
b3 Qe7 14. a3 Rad8 15. Bb2 Bc7 16. Rad1 Rd7 17. Qe2 Rfd8 18. g3 Bb6 19. c3 a6
20. Kg2 h6 21. Rfe1 Qf8 22. b4 Qe7 23. Bc1 Nd5 24. Qc2 Ba7 25. Bd2 {1/2
Klovans,J (2500)-Janjgava,L (2500)/Geneve 1995/CBM 046 ext}) 13... Qb6 {
Accepting the challenge.} (13... Qc7 14. c4 Rad8 15. Rd1 $14) 14. Rd1 Qxb3 {
I decided to swap the queens immediately, as in some cases Black has to deal
with the capture on b6.} (14... Rfd8 15. g3 Rd7 16. Kg2 Rad8 17. Qxb6 axb6 18.
a4 $14) 15. axb3 a6 16. c3 Rad8 17. Kf1 Rd7 ({I could push} 17... e5 $5 18. Bg5
Rfe8 19. b4 $14) 18. g3 Rfd8 19. b4 h6 (19... e5 20. dxe5 Bxe5 21. Rxd7 Nxd7
22. Be3 $14) 20. Re1 $1 {The rook has nothing to do on d1 anymore. To be
honest, I had understimated my opponent's plan.} Bb8 $6 {A pointless move.} ({
Much more logical would be:} 20... Nd5 21. Be2 Be7 22. Bc4 Bf6 23. Kg2 h5 24.
Re2 g6 25. Bb3 Kg7 $14) 21. Be2 Nd5 22. Bc4 $1 Kf8 23. Bb3 {It was only here
that I realised that White has a clear plan of advancing his k-side pawns.} Ne7
({Now I would prefer} 23... Re8 24. Re2 e5 25. dxe5 Rxe5 26. Bd2 $14) 24. Kg2
Bc7 25. Re2 Nd5 26. Bd2 h5 $6 {Unnecessarily weakening the important g5-square.
} (26... e5 27. dxe5 Nxb4 28. Be3 Nd3 29. f4 $16) (26... Ne7 $142 27. f4 g6 28.
Kf3 Kg7 29. g4 Rh8 $14) 27. Kf3 $1 {[%cal Gg3g4]} Ke7 (27... g6 28. g4 hxg4+
29. hxg4 Kg7 30. Rh1 Rh8 31. Rxh8 Kxh8 32. c4 Ne7 33. Bc3 Kg8 34. Re1 $36) 28.
Bg5+ Nf6 {This move looks ugly, as Black is pinning himself.} ({I didn't like} 
28... f6 29. Bd2 Kf7 30. Rae1 Re7 $14) 29. Kg2 (29. Re5 Rh8 30. Kg2 Kf8 31. Re2
Nd5 $14) 29... Rh8 $2 {After this strange looking move Black is in real
trouble.} ({After} 29... Kf8 30. g4 Re8 31. Kf3 $14 {white's advantage is not
that big.}) 30. f4 $1 Kf8 31. Rae1 $1 {Excellent play. Now Black is
practically paralysed.} (31. Rf1 Nh7 32. h4 Bd8 33. Bxd8 Rxd8 34. f5 exf5 35.
Rxf5 Nf6 36. Rfe5 Rh6 37. Re7 Rd7 $14) 31... Bd8 {It looks like Black is one
step from equalising by ...g7-g6, but...} ({I was counting on:} 31... Nh7 {
but after} 32. Bxe6 $1 (32. Bh4 g6 33. Bxe6 fxe6 34. Rxe6 Rf7 35. Rxg6 $16)
32... fxe6 33. Rxe6 Kg8 $8 34. Re7 Rxe7 35. Rxe7 Nxg5 36. fxg5 Bd6 37. Rxb7 Kh7
38. Rb6 $16 {White should win.}) 32. f5 $1 exf5 33. Bxf6 gxf6 {That ending
looks terrible for Black, as all his pawns are vulnerable. However,there are
bishops of a different colours on the board, so I wasn't so pessimistic.} 34.
Re8+ (34. Bc2 Rd5 35. h4 f4 36. gxf4 f5 $16) 34... Kg7 35. Rxh8 Kxh8 {White
has a large choice of possibilities here.} 36. Bc2 ({I don't like} 36. Bxf7
Rxf7 37. Re8+ Kg7 38. Rxd8 Re7 39. Kf3 Kg6 {as Black's rook could always
disturb White along the e- file.}) ({But} 36. Re8+ $5 {was also good enough:}
Kg7 37. Bd1 Kg6 38. Kf3 $16) 36... Rd5 37. Bb3 (37. Rf1 Kg7 38. Bxf5 Bc7 39.
Bc8 Rg5 40. Rf3 Rb5 $16) 37... Rd7 38. Bc2 (38. Bxf7 Rxf7 39. Re8+ Kg7 40. Rxd8
Re7 41. Kf3 Kg6 $16) 38... Rd5 39. Re8+ Kg7 40. h4 $6 {A serious inaccuracy.
The Ph4 is going to be weak!} ({After} 40. Kf3 $1 $16 {Dmitry could pose black
many more problems. For instance,} b6 41. Ba4 b5 42. Bc2 a5 43. bxa5 Bxa5 44.
Rc8 b4 45. Rxc6 bxc3 46. bxc3 $18) 40... a5 $1 {Till this moment my play was
passive and bad, but suddenly I managed to find an excellent defensive
resources.} 41. bxa5 c5 $1 {Again, White had to choose between several
tempting continuations.} (41... Bxa5 $2 {looks more natural, but it allows
White to trap the rook:} 42. Re7 Rb5 43. b4 Kf8 44. Re1 Bc7 45. Bb3 {[%csl Rb5]
[%cal Gb3c4]} f4 46. Rf1 $1 Kg7 (46... Rf5 47. c4 $18 {[%csl Rf5][%cal Gb3c2]})
47. gxf4 Rf5 48. Kg3 $18) 42. Bb3 ({Another interesting idea was:} 42. b4 cxb4
43. cxb4 {after which Black had to find} Kg6 $1 (43... f4 $2 44. Be4 Rxd4 45.
Bxb7 Rxb4 46. Rxd8 Rxb7 47. Rd2 $1 $16 (47. gxf4 Rb5 $11)) 44. Bd1 (44. Rg8+
Kh7 45. Bb3 Rxd4 46. Bxf7 Bc7 47. Rc8 Be5 $11) 44... Rxd4 45. Bf3 Bc7 46. Re7
Bd6 47. Rxb7 Rxb4 $11) 42... Rd6 43. dxc5 Rd2+ 44. Kf3 (44. Kf1 Bxa5 45. Re7
Rxb2 46. Rxf7+ (46. Rxb7 Bxc3 47. Rxf7+ Kh6 48. Be6 Kg6 49. Rf8 Be5 50. c6 Rb1+
51. Ke2 Rc1 $11) 46... Kh8 47. Rxb7 Bxc3 48. c6 Be5 $11) 44... Bxa5 $1 (44...
Rxb2 $2 {was hopeless:} 45. Rxd8 Rxb3 46. Ke3 Rxc3+ 47. Kd4 Rc1 (47... Rxg3 48.
a6 $18) 48. Rb8 Rd1+ 49. Ke3 Rd7 50. c6 bxc6 51. a6 c5 52. Rb1 Ra7 53. Ra1 Kf8
54. Kd3 Ke7 55. Kc4 Kd6 56. Kb5 Kc7 57. Kxc5 $18) 45. Re7 (45. Re2 Rd3+ 46. Kg2
(46. Re3 Rd2) 46... Bc7 $11) 45... Rxb2 46. Rxf7+ Kg6 {The strongest.} (46...
Kh6 $2 {was bad in view of:} 47. Rxf6+ Kg7 48. Rf7+ Kh6 49. Be6 Kg6 50. Rxf5
Bxc3 51. Rg5+ Kf6 52. Bd5 Bd4 53. Rxh5 Bxc5 54. Bxb7 $18) ({was possible too,
but I didn't want to play with such a king after} 46... Kh8 47. Rxb7 Bxc3 48.
Kf4 Rf2+ 49. Ke3 Rb2 50. c6 Be5 {At the same time,maybe White is unable to
make any progress here eitherl.}) 47. Rxb7 Bxc3 48. c6 Kh6 $1 {That is the
point. White has no time for advancing his pawn.} 49. Kf4 {The only chance is
activating the king.} ({There is a dead draw after} 49. Be6 Rxb7 50. cxb7 Be5
51. Bxf5 Bd6 $11 {[%csl Rg3,Rh8] despite the engine's valuation!}) (49. c7 $4
Bd4 50. g4 hxg4+ 51. Kf4 Rf2+ 52. Kg3 Rf3+ 53. Kg2 Rc3 $19) 49... Be5+ 50. Kxf5
Bxg3 {Although the position is objectively drawn now, Black has to be careful.}
51. Ke6 Rb1 52. Kf7 Be5 {I had just few minutes left on my clock,so I tried to
make the safest moves.} (52... Rc1 53. Bd5 Bxh4 54. Rb5 Kg5 55. Be6+ Kh6 56.
Bd7 Bg3 57. Kxf6 h4 $11) 53. Rb5 Bg3 {Black must be ready to give up his
bishop for a pawn. White cannot create any threats of mate, so I was quite
relaxed.} 54. Rb4 Be5 55. Rb7 Rb2 56. Ke7 Rb1 57. Rb5 Bg3 58. Kd7 Rb2 59. c7
Rd2+ 60. Bd5 Bxc7 61. Kxc7 Rd4 $11 {Collecting the last pawn. To be honest, I
don't know if I could have avoided the loss of my pawns, but I didn't try to
do so!} 62. Kd6 Rxh4 63. Ke7 Kg5 64. Be6+ Kf4 65. Kxf6 Rh2 66. Rb4+ Ke3 67. Kg5
Kd3 68. Bh3 Rh1 69. Rh4 Rg1+ 70. Kf4 Kd4 71. Kf3+ Ke5 72. Bg2 Re1 73. Rxh5+ {
Finally taking the pawn.} Kd4 74. Kf4 Re2 75. Bf3 Rf2 76. Rd5+ Kc4 77. Rd1 Rh2
78. Ke5 Rh8 79. Rc1+ Kd3 80. Be4+ Kd2 81. Rc2+ Ke3 82. Rc3+ Kd2 83. Rg3 Rd8 84.
Bd5 Re8+ 85. Kd4 Rd8 {The best. Black is just waiting for a bishop move.} 86.
Rg2+ Kd1 87. Ke4 Rd7 ({or} 87... Kc1 $11) 88. Bc4 Rd2 $1 {An important move.}
89. Rg6 Rd8 90. Ke3 Kc2 91. Rc6 Kb2 92. Rc5 Rd1 93. Bd3 Rh1 94. Kd4 Rh4+ 95.
Be4 Kb3 $1 96. Rb5+ Ka4 {The same picture from another viewpoint!} 97. Rb8 Rg4
98. Kd5 Ka3 99. Bd3 Rb4 100. Bb5 Kb3 101. Kc5 Rh4 102. Bc4+ Kc3 103. Bd5 Kd3
104. Re8 Rg4 105. Rf8 Rh4 106. Rf3+ Ke2 107. Ra3 Kd2 108. Bf3 Rf4 109. Kd5 Rh4
110. Be4 Rh8 111. Kd4 Rd8+ 112. Bd5 Rd7 {And again!} 113. Ra8 Kd1 114. Ra2 Rd8
115. Ke4 Kc1 116. Kd3 1/2-1/2

[Event "Tashkent FIDE GP"]
[Site "Tashkent"]
[Date "2014.10.26"]
[Round "5"]
[White "Karjakin, Sergey"]
[Black "Jobava, Baadur"]
[Result "0-1"]
[WhiteElo "2767"]
[BlackElo "2717"]
[Annotator "Roiz,M"]
[PlyCount "62"]
[EventDate "2014.10.21"]
[EventType "tourn"]
[EventRounds "11"]
[EventCountry "UZB"]
[EventCategory "21"]
[SourceTitle "CBM 163"]
[Source "ChessBase"]
[SourceDate "2014.11.11"]
[SourceVersion "1"]
[SourceVersionDate "2014.11.11"]
[SourceQuality "1"]

1. e4 c6 2. Nf3 d5 3. Nc3 dxe4 4. Nxe4 Nf6 5. Nxf6+ exf6 6. Bc4 Qe7+ $5 {
An interesting way to handle this fashionable opening line. Baadur's setup
works well in this particular game!} (6... Be7 {looks too passive:} 7. h3 O-O
8. O-O Bd6 9. Re1 Bf5 10. Nh4 Bg6 11. d4 Nd7 12. Nxg6 hxg6 13. Qg4 $14 {
1/2-1/2 Salgado Lopez,I (2622)-Eljanov,P (2723)/Dubai UAE 2014 (47)}) ({
A common position arises after} 6... Bd6 7. Qe2+ Qe7 8. Qxe7+ Kxe7 9. O-O Be6
10. Re1 Kd7 11. Be2 {and here Black has to choose between several ways of
development:} Kc7 (11... Bf5 12. Nd4 Bg6 13. Bg4+ Kc7 14. d3 Na6 15. Bd2 Rad8
16. Nf5 Bxf5 17. Bxf5 Nb4 18. d4 g6 19. a3 Nd5 20. Bd3 Bf4 $11 {1-0 Korneev,O 
(2637)-Khenkin,I (2612)/Warsaw POL 2013 (41)}) (11... Re8 12. b3 Kc7 13. Bb2
Nd7 14. a3 Bf5 15. d3 a5 $11 {1/2-1/2 Filippov,A (2617)-Roiz,M (2618)/Sibenik
CRO 2012 (35)}) 12. d4 Na6 13. Bxa6 bxa6 14. Bd2 Rhe8 15. Ba5+ Kd7 16. Nd2 Rab8
17. b3 Bf5 $11 {1/2-1/2 Karjakin,S (2772)-Eljanov,P (2702)/Tromso NOR 2013 (20)
}) 7. Be2 {Karjakin chooses the most ambitious continuation, keeping the
queens on the board.} ({Obviously, after} 7. Qe2 Qxe2+ 8. Bxe2 Bd6 9. O-O O-O
$11 {Black's task should be easier than in the above-mentioned games, since
the king is not vulnerable here.}) 7... Qc7 8. d4 Bd6 9. O-O O-O 10. h3 {
A double-edged move. White avoids an unpleasant pin on the Nf3, but now there
is a target for Black's pieces.} (10. c4 $5 {is worth considering:} Re8 (10...
Bg4 11. h3 Bh5 12. c5 Bf4 13. Bxf4 Qxf4 14. Qb3 $14) 11. Re1 (11. h3 Nd7 12.
Bd3 Nf8 13. Qc2 Be6 (13... Qa5 14. c5 Bb8 15. Bd2 $14 {1/2-1/2 Rozentalis,E 
(2631)-Tukhaev,A (2518)/Kavala 2010/CBM 137 Extra (23)}) 14. Re1 Qd7 {is also
quite comfortable for Black.}) (11. Be3 Bg4 12. h3 Bh5 13. Nh4 Bxe2 14. Qxe2 g6
$11) 11... Bf5 12. c5 Bf8 13. Bd2 {with some space advantage.}) 10... Rd8 11.
Be3 Nd7 {The knight is heading to g6, trying to put some pressure on White's
king.} (11... Bf5 12. Bd3 Bxd3 13. Qxd3 Nd7 14. Rfe1 Nf8 15. c4 Ne6 16. Rad1
$14) 12. c4 $146 {White can hardly fight for an advantage by deviating from
this advance.} (12. Qc1 Nf8 13. c4 Ng6 14. c5 Bf4 $11 {0-1 Efremova,D (2027)
-Malofeev,A (2277)/St Petersburg 2007/CBM 117 ext (63)}) 12... Nf8 13. Bd3 (13.
Qc2 Ng6 14. Rfe1 Be6 15. Bf1 Re8 16. Rad1 Rad8 $11) 13... Ng6 (13... Be6 $5 14.
Re1 Qd7 {looks good too.}) 14. Qc2 {White has completed an optimal deployment
of the pieces, but Black is OK anyway.} (14. c5 Bf8 (14... Bf4 15. Qd2 Bxe3 16.
fxe3 Be6 17. b3 Re8 18. Qf2 Bd5 19. Nd2 Rad8 20. b4 $14) 15. Qc2 Be6 16. b4 Bd5
17. Nd2 h5 18. Bxg6 {otherwise 18...Nf4 is coming.} fxg6 19. Qxg6 Qf7 $11 {
offers Black suffucient compensation for a pawn.}) 14... Be6 15. Rfe1 Qd7 16.
Bd2 $6 {Honestly speaking, this move is not so bad, but it allows Jobava to
seize the initiative by means of a standard piece sacrifice.} ({The following
alternatives were safer:} 16. Bf1 Bf5 17. Qb3 a5 $11) (16. Nd2 Bxh3 $5 (16...
f5 17. Nf3 h6 $11) 17. gxh3 (17. Bxg6 hxg6 18. gxh3 Qxh3 19. Nf1 f5 20. f4 g5
21. Qg2 Qxg2+ 22. Kxg2 gxf4 23. Bd2 g5 $132) 17... Qxh3 18. Bf5 Qh2+ 19. Kf1
Qh1+ 20. Ke2 Qh5+ 21. Nf3 Nh4 22. Bxh7+ Kf8 23. Be4 f5 24. Rh1 fxe4 25. Qxe4
Qxf3+ 26. Qxf3 Nxf3 27. Kxf3 Kg8 $11) 16... Bxh3 $1 {Baadur is an ambitious
dynamic player, so this move was quite predictable!} (16... Re8 17. Re3 h6 18.
Rae1 Nf4 $11) 17. gxh3 Qxh3 18. Bxg6 {Correctly liquadating the dangerous
knight and unlocking the 3rd rank.} hxg6 19. Re3 (19. Qe4 $5 {was a more
active approach:} g5 20. Re3 f5 (20... c5 21. Ne5 Qc8 22. Kg2 Bxe5 (22... fxe5
$2 23. Rh1 $40) 23. dxe5 Rd4 24. Qc2 Qg4+ 25. Rg3 Qe2 26. Rh1 g6 {and here} 27.
Bxg5 $1 Qxc2 28. Bxf6 {forces a perpetual:} Qe4+ 29. Rf3 Qg4+ 30. Rg3 Qe4+) (
20... Bf4 21. Rb3 Re8 22. Qd3 Qg4+ 23. Kf1 $11) 21. Qc2 Bf4 22. Rb3 Qg4+ 23.
Kf1 Qh3+ $11) 19... g5 {Baadur is fighting for a win! The position remains
about equal, but it's much simpler to play with Black here.} ({There were
several ways to secure a draw:} 19... Re8 20. Rae1 Qg4+ 21. Kf1 Qh3+ 22. Ke2
Bf4 23. Re4 f5 24. Rxe8+ Rxe8+ 25. Ne5 Bxe5 26. dxe5 Qg4+ 27. Kf1 Qh3+ $11) (
19... Bf4 20. Rd3 Qg4+ 21. Kf1 Qh3+ 22. Kg1 $11) 20. c5 $2 {As a result,
Karjakin commits a serious mistake.} ({Equality was attainable:} 20. Ne5 $1 Qc8
(20... Qh5 $2 21. Kg2 $1 fxe5 $140 22. Rh1 Qg6 23. Reh3 Kf8 24. Rh8+ Ke7 25.
Qxg6 fxg6 26. Bxg5+ $18) 21. c5 Bc7 22. Nc4 Qg4+ 23. Kf1 f5 (23... Rxd4 24. Nd6
Bxd6 25. cxd6 Rxd6 26. Rae1) 24. Rae1 f4 25. Ne5 $1 Qh5 26. Rd3 Bxe5 (26... Re8
27. Kg2 Bxe5 28. Rxe5 Qg4+ 29. Kf1 Qh5 30. Kg2 $11) 27. Rxe5 Re8 28. Kg2 Qg4+
29. Kf1 Qh5 30. Kg2 $11) 20... Bf4 {Now Black wins an important tempo for
extending the initiative.} 21. Rb3 Bc7 $1 22. Qc4 (22. Be1 Qg4+ 23. Kf1 Rd5 $1
24. Ng1 Bh2 25. Nh3 Re8 $40) (22. Ne5 Qe6 23. Nf3 Qg4+ 24. Kf1 Qh3+ 25. Ke2
Re8+ 26. Be3 g4 27. Nd2 g3 $40) 22... Qh5 $2 {The only inaccuracy of Jobava in
this game.} (22... Qg4+ 23. Kf1 {wouldn't give White any extra options.}) 23.
Kg2 $2 ({Unfortunately for Sergey, he misses a golden opportunity to change
the character of play and solve all the problems!} 23. Rxb7 $1 Rd7 24. Rxc7
Qg4+ 25. Kf1 Qh3+ (25... Rxc7 26. Nh2 Qh3+ 27. Kg1 Re8 28. Qb3 $14) 26. Kg1
Qg4+ $11) 23... Qg4+ 24. Kf1 Re8 $1 $40 {Now White is in trouble.} 25. Re1 ({
Hardly better was} 25. Qd3 Rad8 26. Re1 Qh3+ 27. Kg1 Rxe1+ 28. Bxe1 g4 29. Qf5
g6 30. Qxf6 gxf3 31. Rxf3 Bh2+ 32. Kh1 Be5+ 33. Rxh3 Bxf6 $17) 25... Qh3+ 26.
Kg1 Rxe1+ 27. Bxe1 (27. Nxe1 $2 Bh2+ 28. Kh1 Bg3+ 29. Kg1 Qh2+ 30. Kf1 Qxf2#)
27... Qg4+ 28. Kf1 Re8 {Black's killing threat now is 29...Rxe1+, followed by
Bh2+ with a mate.} 29. Ng1 Bh2 30. Ne2 $2 {Having been under strong pressure
for a long time, Sergey makes a decisive mistake.} (30. Nh3 {would allow White
to provide some resistance:} Qe4 31. Re3 Qh1+ 32. Ke2 Rxe3+ 33. fxe3 g4 34. Nf4
Qf3+ 35. Kd2 Bxf4 36. exf4 Qxf4+ 37. Kc2 Qe4+ 38. Kd2 f5 $17 {Obviously,
Black's 3 pawns are much stronger than a piece, but there is no forced win yet.
}) 30... Rxe2 {Now the game is over.} 31. Rxb7 (31. Qxe2 Qg1#) 31... Re6 0-1